Czech conditions for upcoming wave of generation replacement in family business
Prehľad rodinného podnikania vo svete a v Českej republike. Aktuálna otázka nástupnictva v českých rodinných podnikoch a to nielen z pohľadu manažmentu, ale aj z pohľadu práva, sociológie a psychlógie.
Enregistré dans:
| Auteur principal: | |
|---|---|
| Format: | Chapitre de livre |
| Langue: | anglais |
| Sujets: | |
| Tags: |
Pas de tags, Soyez le premier à ajouter un tag!
|
MARC
| LEADER | 00000naa a2200000 4500 | ||
|---|---|---|---|
| 001 | 0123639 | ||
| 005 | 20231128130835.4 | ||
| 041 | 0 | |a eng | |
| 044 | |a CZ | ||
| 245 | 1 | 0 | |a Czech conditions for upcoming wave of generation replacement in family business |c Dalibor Tichý |
| 520 | |a Prehľad rodinného podnikania vo svete a v Českej republike. Aktuálna otázka nástupnictva v českých rodinných podnikoch a to nielen z pohľadu manažmentu, ale aj z pohľadu práva, sociológie a psychlógie. | ||
| 610 | 2 | 0 | |a Česko |
| 610 | 2 | 0 | |a psychológia |
| 610 | 2 | 0 | |a sociológia |
| 610 | 2 | 0 | |a legislatíva |
| 610 | 2 | 0 | |a podnikanie rodinné |
| 610 | 2 | 0 | |a podnik rodinný |
| 100 | 1 | |a Tichý, Dalibor | |